| 000 | 00549nam a2200181Ia 4500 | ||
|---|---|---|---|
| 008 | 100920s9999 xx 000 0 und d | ||
| 082 |
_b94063 _a--- न 05 |
||
| 100 | _aनाईक गुरुनाथ. | ||
| 245 | _aजगावेगळे जग. | ||
| 260 |
_bयोगिता पुणे. _c2005 |
||
| 300 |
_a96 _bसाधी |
||
| 365 | _b90 | ||
| 520 | _aकादंबरी. | ||
| 630 | _aजगावेगळे जग. | ||
| 650 | _aकादंबरी. | ||
| 730 | _aजगावेगळे जग. | ||
| 942 | _cBOOK | ||
| 999 |
_c734506 _d734503 |
||